000
00282 a2200145 4500
001
160872
020
_a
040
_c
Magnum
100
_a
Samaniego
240
1
0
_a
O pastor e o lobo
_l
por
245
1
0
_a
O pastor e o lobo
362
0
_a
1899
697
_a
I/FABULAS
942
_c
BK
999
_c
160872
_d
160872